| 000 | 00440nam a2200181Ia 4500 | ||
|---|---|---|---|
| 001 | 11731 | ||
| 005 | 20260306162849.0 | ||
| 008 | 260306t2023||||xx |||||||||||||| ||spa|| | ||
| 041 | _aESP | ||
| 082 |
_aHR 050 _bV. 31 N° 1 2023 CEF |
||
| 110 | _aDicasterium de Cultura et Educatione | ||
| 245 | 0 | _aCulture e fede | |
| 260 | _c2023 | ||
| 300 |
_a86 páginas : _c24 cm. |
||
| 650 | _aGEN | ||
| 654 | _aCHU | ||
| 942 |
_cREV _dJUS _fJUS _2ddc _n |
||
| 999 |
_c11731 _d11731 |
||